Africa's management in the 1990s and beyond reconciling indigenous and transplanted institutions

Gespeichert in:
Bibliographische Detailangaben
1. Verfasser: Dia, Mamadou
Format: Buch
Sprache:Englisch
Veröffentlicht: Washington D.C. The World Bank 1996
Schriftenreihe:Directions in development
Schlagworte:
Tags: Tag hinzufügen
Keine Tags, Fügen Sie das erste Tag hinzu!

MARC

LEADER 00000nam a2200000 4500
001 c104631
005 20221221081518.5
020 |a 0-8213-3431-X 
041 0 |a eng 
044 |a US 
245 1 0 |a Africa's management in the 1990s and beyond  |b reconciling indigenous and transplanted institutions  |c Mamadou Dia 
264 1 |a Washington D.C.  |b The World Bank  |c 1996 
300 |a 293 s. 
490 1 |a Directions in development 
830 0 |a Directions in development 
610 2 0 |a politika hospodárska 
610 2 0 |a riadenie hospodárske 
610 2 0 |a obyvateľstvo 
610 2 0 |a úroveň životná 
610 2 0 |a chudoba 
610 2 0 |a vzdelanie 
610 2 0 |a triedy spoločenské 
610 2 0 |a inštitúcia 
610 2 0 |a štát 
610 2 0 |a makroekonomika 
610 2 0 |a sektor súkromný 
610 2 0 |a krajiny rozvojové 
610 2 0 |a kultúra 
610 2 0 |a situácia hospodárska 
610 2 0 |a situácia sociálna 
610 2 0 |a kríza 
610 2 0 |a Afrika 
610 2 0 |a 1990 
100 1 |a Dia, Mamadou